[Event "AUTO-INT-1272"]
[Site "http://www.queenalice.com/game.php?id=610954"]
[Date "2009.6.29"]
[Round "2"]
[White "kabbal"]
[Black "Ben_Gurion"]
[Result "1-0"]
[WhiteElo "1877"]
[BlackElo "1794"]

1. d4 Nf6 2. c4 g6 3. Nc3 d5 4. Nf3 Bg7 5. e3 O-O 6. Qb3 c6 7. Bd3 Be6 8. cxd5
Nxd5 9. Qxb7 Nd7 10. Qxc6 Nxc3 11. Qxc3 Rc8 12. Qd2 Bg4 13. Be2 Nb6 14. h3 Bf5
15. Bd3 Nc4 16. Qe2 Qa5+ 17. Bd2 Nxd2 18. Nxd2 Bxd3 19. Qxd3 Rcd8 20. O-O e5 21.
Nb3 Qb6 22. d5 e4 23. Qxe4 Bxb2 24. Rab1 Bg7 25. Rfd1 Rfe8 26. Qd3 Re5 27. Nd4
Qd6 28. Nc6 Rxd5 29. Qxd5 Qxd5 30. Rxd5 Rxd5 31. Ne7+ 1-0

[Event "AUTO-INT-1272"]
[Site "http://www.queenalice.com/game.php?id=610955"]
[Date "2009.6.29"]
[Round "2"]
[White "Ben_Gurion"]
[Black "kabbal"]
[Result "0-1"]
[WhiteElo "1781"]
[BlackElo "1890"]

1. d4 d5 2. Nf3 Nf6 3. c4 c6 4. Nc3 dxc4 5. e4 b5 6. Bg5 Bg4 7. Be2 Nbd7 8. O-O
Qc7 9. a4 b4 10. Na2 Nxe4 11. Nxb4 a5 12. Nc2 Bxf3 13. Bxe7 Bxe7 14. Bxf3 Nef6
15. Re1 Rb8 16. Na3 Nb6 17. Qc2 O-O 18. Nxc4 Nxc4 19. Qxc4 Rxb2 20. Qxc6 Qxc6
21. Bxc6 Bb4 22. Red1 Ng4 23. f3 Ne3 24. f4 Rc8 25. Rd3 Rxc6 26. Rxe3 Rcc2 27.
Rg3 Ra2 28. Rxa2 Rxa2 29. Re3 Rxa4 30. Re8+ Bf8 31. d5 Rxf4 32. d6 Rd4 33. Ra8
Rxd6 34. Rxa5 g6 35. h3 h5 0-1

[Event "AUTO-INT-1272"]
[Site "http://www.queenalice.com/game.php?id=610956"]
[Date "2009.6.29"]
[Round "2"]
[White "kabbal"]
[Black "Gansothedark"]
[Result "1-0"]
[WhiteElo "1934"]
[BlackElo "1716"]

1. d4 d5 2. c4 e6 3. Nc3 Bb4 4. Nf3 Bxc3+ 5. bxc3 c6 6. Qb3 Ne7 7. Bf4 b6 8. e3
O-O 9. Bd3 Nd7 10. O-O f6 11. Bd6 Rf7 12. cxd5 exd5 13. c4 Rf8 14. cxd5 Bb7 15.
dxc6+ Kh8 16. cxb7 Rb8 17. Bxb8 Qxb8 18. Qe6 Qxb7 19. Qxe7 b5 20. Rab1 a6 21.
Bf5 Rc8 22. Bxd7 Rg8 23. a4 b4 24. Rxb4 Qc7 25. Rfb1 Qc3 26. Rb8 h6 27. Rxg8+
Kxg8 28. Bf5 g6 29. Rb8+ Qc8 30. Rxc8# 1-0

[Event "AUTO-INT-1272"]
[Site "http://www.queenalice.com/game.php?id=610957"]
[Date "2009.6.29"]
[Round "2"]
[White "Gansothedark"]
[Black "kabbal"]
[Result "0-1"]
[WhiteElo "1650"]
[BlackElo "1965"]

1. e4 e6 2. d4 d5 3. e5 c5 4. Nf3 Nc6 5. c3 Qb6 6. Be2 Nge7 7. b3 Nf5 8. g4 Nfe7
9. O-O Ng6 10. Be3 Bd7 11. dxc5 Bxc5 12. Bxc5 Qxc5 13. Qd3 Ncxe5 14. Nxe5 Nxe5
15. Qe3 Qxe3 16. fxe3 Rc8 17. Rc1 O-O 18. Nd2 Rc7 19. c4 Rfc8 20. Rc3 b5 21. h3
bxc4 22. bxc4 Nxc4 23. Nb3 Ne5 24. Rac1 Rxc3 25. Rxc3 Rxc3 26. g5 Rxe3 27. Kf1
Rxh3 28. Nc5 Ra3 29. Kf2 Rxa2 30. Nb7 Bb5 31. Nd6 Bxe2 32. Ke3 Nc4+ 33. Nxc4
Bxc4 34. Kd4 Rb2 35. Kc5 a5 36. Kc6 a4 37. Kc5 a3 38. g6 hxg6 39. Kd4 a2 40. Kc3
a1=Q 41. Kd4 Rb5+ 42. Ke3 Qe5+ 43. Kf2 Qf4+ 44. Kg2 Qe3 45. Kh2 Rb2+ 46. Kh1
Qe1# 0-1

[Event "AUTO-INT-1264"]
[Site "http://www.queenalice.com/game.php?id=624423"]
[Date "2009.7.25"]
[Round "2"]
[White "marcosbratz"]
[Black "kabbal"]
[Result "0-1"]
[WhiteElo "1564"]
[BlackElo "1970"]

1. e4 e6 2. d4 d5 3. e5 c5 4. Nf3 Nc6 5. Bb5 Bd7 6. O-O Nxe5 7. Bxd7+ Nxd7 8.
dxc5 Bxc5 9. c3 Ngf6 10. Bg5 Qb6 11. Bxf6 Nxf6 12. b4 Bd6 13. a3 O-O 14. c4 dxc4
15. Nc3 Rfd8 16. Qc2 Rac8 17. Rad1 a6 18. h3 Qc7 19. g3 b5 20. Kg2 Nh5 21. Ne2
Qb7 22. Qc3 Be7 23. Rxd8+ Rxd8 24. Qe5 Rd5 25. Qe4 Nf6 26. Qc2 Rd3 27. Ng1 Rxa3
28. Re1 Bxb4 29. Rd1 g5 30. g4 Qe4 31. Qb2 Be7 32. Rd4 Qc6 33. Rd8+ Bxd8 34.
Qxa3 a5 35. Qb2 b4 36. Ne2 c3 37. Qc2 a4 38. Nd4 Qd7 39. Kf1 Bb6 0-1

[Event "AUTO-INT-1264"]
[Site "http://www.queenalice.com/game.php?id=624424"]
[Date "2009.7.25"]
[Round "2"]
[White "kabbal"]
[Black "marcosbratz"]
[Result "1-0"]
[WhiteElo "1974"]
[BlackElo "1616"]

1. e4 e5 2. Nf3 Nc6 3. Bb5 a6 4. Ba4 Nf6 5. O-O Bc5 6. c3 b5 7. Bc2 O-O 8. d4
Ba7 9. d5 Na5 10. Nxe5 Re8 11. b4 Rxe5 12. bxa5 Nxe4 13. Bxe4 Rxe4 14. Qf3 Re8
15. Nd2 d6 16. c4 bxc4 17. Nxc4 Qh4 18. Ne3 Qd4 19. Rb1 Qd3 20. Rb3 Qg6 21. Bb2
Bd7 22. Rc1 Bc5 23. Nf1 Bg4 24. Qg3 Re2 25. Ne3 Bxe3 26. fxe3 Rd2 27. h3 Rd1+
28. Rxd1 Bxd1 29. Qxg6 hxg6 30. Rb7 Re8 31. Kf2 Re4 32. Rxc7 Ra4 33. Ke1 Bc2 34.
Rxc2 Rxa2 35. Kd2 Rxa5 36. e4 Kf8 37. Rc6 Ke7 38. Bxg7 Ra2+ 39. Rc2 Ra4 40. Ke3
Ra3+ 41. Rc3 Ra5 42. g4 f6 43. h4 Rb5 44. h5 gxh5 45. gxh5 Kf7 46. h6 Rb8 47.
Rc6 1-0

[Event "AUTO-INT-1268"]
[Site "http://www.queenalice.com/game.php?id=630467"]
[Date "2009.8.4"]
[Round "2"]
[White "carpielo"]
[Black "kabbal"]
[Result "1-0"]
[WhiteElo "1591"]
[BlackElo "1976"]

1. e4 e6 2. e5 d6 3. d4 dxe5 4. dxe5 Qxd1+ 5. Kxd1 Bc5 6. f4 Nh6 7. Nc3 Ng4 8.
Nh3 O-O 9. Be2 Ne3+ 10. Bxe3 Bxe3 11. Re1 Rd8+ 12. Bd3 Bb6 13. Ke2 Nc6 14. Rad1
Ba5 15. Be4 Rxd1 16. Rxd1 Kf8 17. Bxc6 bxc6 18. Ng5 h6 19. Nge4 Ba6+ 20. Kf3 Ke7
21. a3 Bc4 22. Nc5 1-0

[Event "AUTO-INT-1268"]
[Site "http://www.queenalice.com/game.php?id=630468"]
[Date "2009.8.4"]
[Round "2"]
[White "kabbal"]
[Black "carpielo"]
[Result "1-0"]
[WhiteElo "1972"]
[BlackElo "1592"]

1. e4 e5 2. Nf3 Qf6 3. d4 exd4 4. Qxd4 Qxd4 5. Nxd4 Bd6 6. Nc3 Nf6 7. Bg5 Bb4 8.
Bxf6 Bxc3+ 9. bxc3 gxf6 10. Bc4 Na6 11. Bxa6 c5 12. Nb5 O-O 13. Nc7 Rb8 14. Bc4
b6 15. Nd5 Bb7 16. Nxf6+ Kg7 17. Nxd7 Bxe4 18. Nxb8 Rxb8 19. Bd3 1-0

[Event "AUTO-INT-1268"]
[Site "http://www.queenalice.com/game.php?id=630471"]
[Date "2009.8.4"]
[Round "2"]
[White "mr1d465"]
[Black "kabbal"]
[Result "0-1"]
[WhiteElo "1848"]
[BlackElo "1959"]

1. d4 d5 2. c4 c6 3. Nf3 Nf6 4. Nc3 dxc4 5. a4 Bf5 6. e3 e6 7. Bxc4 Bb4 8. O-O
O-O 9. Nh4 Bg4 10. f3 Bh5 11. g4 Nd5 12. Ng2 Bg6 13. Na2 Ba5 14. e4 Ne7 15. b4
Bc7 16. Nf4 h6 17. Be3 Nd7 18. Qd2 e5 0-1

[Event "AUTO-INT-1268"]
[Site "http://www.queenalice.com/game.php?id=630472"]
[Date "2009.8.4"]
[Round "2"]
[White "kabbal"]
[Black "mr1d465"]
[Result "1-0"]
[WhiteElo "1946"]
[BlackElo "1861"]

1. e4 c6 2. d4 d5 3. Nc3 dxe4 4. Nxe4 Bf5 5. Ng3 Bg6 6. h4 h6 7. Nf3 Nd7 8. h5
Bh7 9. Bd3 Bxd3 10. Qxd3 Ngf6 11. Bf4 Qa5+ 12. Bd2 Qc7 13. O-O-O e6 14. Rhe1
O-O-O 15. Qb3 1-0

[Event "AUTO-INT-1268"]
[Site "http://www.queenalice.com/game.php?id=630475"]
[Date "2009.8.4"]
[Round "2"]
[White "kabbal"]
[Black "rferraz"]
[Result "1-0"]
[WhiteElo "1947"]
[BlackElo "1652"]

1. e4 e5 2. Nf3 Nc6 3. Bb5 a6 4. Ba4 Nf6 5. O-O Be7 6. Re1 b5 7. Bb3 O-O 8. c3
d6 9. h3 Na5 10. Bc2 c5 11. d4 Qc7 12. Nbd2 cxd4 13. cxd4 Bb7 14. Nf1 Rac8 15.
Bb1 Nc6 16. d5 Nd4 17. Nxd4 exd4 18. Qxd4 Qc4 19. Qxc4 Rxc4 20. b3 Rc5 21. Ne3
Rfc8 22. Ba3 Rc3 23. Nf5 Bf8 24. Bxd6 Rc1 25. Bd3 Rxe1+ 26. Rxe1 Bxd6 27. Nxd6
1-0

[Event "AUTO-INT-1268"]
[Site "http://www.queenalice.com/game.php?id=630476"]
[Date "2009.8.4"]
[Round "2"]
[White "rferraz"]
[Black "kabbal"]
[Result "0-1"]
[WhiteElo "1648"]
[BlackElo "1951"]

1. d4 d5 2. c4 c6 3. Nf3 Nf6 4. Nc3 dxc4 5. a4 Bf5 6. e3 e6 7. Bxc4 Bb4 8. O-O
O-O 9. Qe2 Ne4 10. Nxe4 Bxe4 11. Bd2 Bxf3 12. gxf3 Qg5+ 13. Kh1 Bxd2 14. Qxd2
Nd7 15. Rg1 Qf5 16. e4 Qxf3+ 17. Rg2 Qxe4 18. Ba2 Nf6 19. Qg5 Qg6 20. Qxg6 hxg6
21. b4 Rfd8 22. Rd1 Nd5 23. Bxd5 Rxd5 24. Rg3 Rad8 25. Rgd3 e5 26. Kg2 Rxd4 27.
Rxd4 Rxd4 28. Rxd4 exd4 0-1